| 000 | 00718nam a2200229Ia 4500 | ||
|---|---|---|---|
| 003 | OSt | ||
| 005 | 20250828111418.0 | ||
| 008 | 241004s9999 xx 000 0 und d | ||
| 020 | _a9781138320857 | ||
| 037 | _aTextbook | ||
| 040 |
_aARTS _beng _cARTS |
||
| 041 |
_aeng _2eng |
||
| 084 |
_aS:2 N1;R2 _qARTS |
||
| 100 |
_aHautus Michael J. Au.; Macmillan Neil A. Au.; Creelman C. Douglas Au. _9724671 |
||
| 245 |
_aDetection theory: a user's guide _cHautus Michael J. Au.; Macmillan Neil A. Au.; Creelman C. Douglas Au. |
||
| 250 | _a3rd | ||
| 260 |
_aUSA _bNew York Routledge _c2022 |
||
| 300 | _axvi,434p. | ||
| 365 |
_aUKP _b59.99 |
||
| 942 |
_cTB _hS:2 N1;R2 _2CC _n0 |
||
| 999 |
_c1218821 _d1218821 |
||